Turbulence (Record no. 5373)

000 -LEADER
fixed length control field 00511nam a2200205 i 4500
001 - CONTROL NUMBER
control field 5373
003 - CONTROL NUMBER IDENTIFIER
control field BD-DhUET
008 - FIXED-LENGTH DATA ELEMENTS--GENERAL INFORMATION
fixed length control field 750220s1975 nyua b 001 0 eng
020 ## - INTERNATIONAL STANDARD BOOK NUMBER
International Standard Book Number 0070290377
040 ## - CATALOGING SOURCE
Original cataloging agency DLC
Transcribing agency DLC
Modifying agency BD-DhUET
082 00 - DEWEY DECIMAL CLASSIFICATION NUMBER
Classification number 532.56
Item number HIN/1975
100 1# - MAIN ENTRY--PERSONAL NAME
Personal name Hinze, J. O.
245 00 - TITLE STATEMENT
Title Turbulence
250 ## - EDITION STATEMENT
Edition statement 2nd ed.
260 ## - PUBLICATION, DISTRIBUTION, ETC. (IMPRINT)
Place of publication, distribution, etc. New York
Name of publisher, distributor, etc. McGraw-Hill
Date of publication, distribution, etc. 1975
300 ## - PHYSICAL DESCRIPTION
Extent x,790p.
Other physical details ill.
Dimensions 24 cm.
490 0# - SERIES STATEMENT
Series statement McGraw-Hill series in mechanical engineering
650 #0 - SUBJECT ADDED ENTRY--TOPICAL TERM
Topical term or geographic name as entry element Turbulence
942 ## - ADDED ENTRY ELEMENTS (KOHA)
Koha item type General Book
Holdings
Price effective from Date acquired Withdrawn status Lost status Koha issues (times borrowed) Koha date last seen Piece designation (barcode) Koha full call number Shelving location Not for loan Koha date last borrowed Source of classification or shelving scheme Damaged status Location (home branch) Sublocation or collection (holding branch) Copy number Koha item type Koha normalized classification for sorting
2014-11-262014-11-26   2014-11-2663813532.56/HIN/1975Circulation section    Central Library, BUETCentral Library, BUET1General Book532_560000000000000_HIN_1975
2014-11-262014-11-26   2014-11-2663816532.56/HIN/1975Circulation section    Central Library, BUETCentral Library, BUET2General Book532_560000000000000_HIN_1975
2014-12-072014-12-07   2014-12-0744334532.56/HIN/1975Circulation section    Central Library, BUETCentral Library, BUET3General Book532_560000000000000_HIN_1975
2014-12-072014-12-07   2014-12-0763807532.56/HIN/1975Circulation section    Central Library, BUETCentral Library, BUET4General Book532_560000000000000_HIN_1975
2014-12-072014-12-07  12015-03-2963812532.56/HIN/1975Circulation section 2015-03-25  Central Library, BUETCentral Library, BUET5General Book532_560000000000000_HIN_1975
2014-12-072014-12-07   2014-12-0763805532.56/HIN/1975Circulation section    Central Library, BUETCentral Library, BUET6General Book532_560000000000000_HIN_1975
2014-12-072014-12-07   2014-12-0763810532.56/HIN/1975Circulation section    Central Library, BUETCentral Library, BUET7General Book532_560000000000000_HIN_1975
2014-12-072014-12-07   2014-12-0763808532.56/HIN/1975Circulation section    Central Library, BUETCentral Library, BUET8General Book532_560000000000000_HIN_1975
2014-12-072014-12-07   2014-12-0763809532.56/HIN/1975Circulation section    Central Library, BUETCentral Library, BUET9General Book532_560000000000000_HIN_1975
2014-12-072014-12-07  12023-02-2863806532.56/HIN/1975Circulation section 2022-11-14  Central Library, BUETCentral Library, BUET10General Book532_560000000000000_HIN_1975
2014-12-072014-12-07  12015-09-1463815532.56/HIN/1975Circulation section 2015-05-26  Central Library, BUETCentral Library, BUET11General Book532_560000000000000_HIN_1975
2015-03-092015-03-09   2015-03-0939158532.56/HIN/1975Circulation section    Central Library, BUETCentral Library, BUET12General Book532_560000000000000_HIN_1975
2015-06-072015-06-07   2015-06-0758968532.56/HIN/1975Reading section    Central Library, BUETCentral Library, BUET13Reading Item532_560000000000000_HIN_1975
2015-06-072015-06-07   2015-06-0760653532.56/HIN/1975Reading section    Central Library, BUETCentral Library, BUET14Reading Item532_560000000000000_HIN_1975
2015-06-232015-06-23   2015-06-2352729532.56/HIN/1975Reading section    Central Library, BUETCentral Library, BUET15Reading Item532_560000000000000_HIN_1975
2024-11-161985-06-29  12024-11-2763811532.56 HIN/1975Circulation section 2024-11-27  Central Library, BUETCentral Library, BUET16General Book532_560000000000000_HIN_1975
2024-11-162024-11-16   2024-11-16 532.56 HIN/1975     Central Library, BUETCentral Library, BUET General Book532_560000000000000_HIN_1975
2024-11-162025-09-03   2024-11-1639159532.56 HIN/1975Circulation section    Central Library, BUETCentral Library, BUET18General Book532_560000000000000_HIN_1975